00964 2200313 4500001002100000005001500021035002000036007000300056008004100059020002200100040002200122082001600144084001800160090002100178100002700199245009100226300005200317650002300369700003100392700003000423850001200453504002900465264004200494336002100536337003000557338002300587990002000610990002000630INLIS00000000085169620191010024110 a0010-1019000423ta191010s2019 jkia f ind d a978-602-483-568-2 aYOPDYOGbinderda04223a297.261 a297.261 REZ d aPK 297.261 REZ d0 aRezza Anggaraepenulis10aDikejar rezeki /cRezza Anggara; penyunting, Marina Ariyani; ilustrator, Donny Rakhman axiii, 181 halaman :bilustrasi, gambar ;c20 cm 4aIslam--xHumanisme0 aMarina Ariyaniepenyunting0 aDonny Rakhmaneilustrator aYOPDYOG aBibliografi: halaman 18134aJakarta :bBhuana ilmu populer,c2019 2rdacontentateks 2rdamediaatanpa perantara 2rdacarrieravolume a38870-PD/B.2019 a38871-PD/B.2019